| Tag |
First Indicator |
Second Indicator |
Subfields |
| LEADER |
00000cam a2200000 a 4500 |
| 001 |
in00000071189 |
| 005 |
20151008062110.0 |
| 008 |
791205s1979 it a i10010 eng d |
| 020 |
|
|
|a 925100725X
|
| 035 |
|
|
|a (OCoLC)05763293
|
| 035 |
|
|
|9 AAJ9515AM
|
| 040 |
|
|
|a UUM
|c UUM
|d m.c.
|d TXA
|d UtOrBLW
|
| 049 |
|
|
|a TXAM
|c [1481632]
|
| 090 |
|
|
|a SD539
|b .F3 1978
|
| 111 |
2 |
|
|a FAO/Austria Training Course on Forest Roads and Harvesting in Mountainous Forests
|n (2nd :
|d 1978 :
|c Ort and Ossiach, Austria)
|
| 245 |
1 |
0 |
|a Mountain forest roads and harvesting :
|b technical report of the second FAO/Austria training course on forest roads and harvesting in mountainous forests, Ort and Ossiach, Austria, 3 June - 2 July 1978 /
|c compiled and edited under the supervision of R. Heinrich.
|
| 264 |
|
1 |
|a Rome :
|b Food and Agriculture Organization of the United Nations,
|c 1979.
|
| 300 |
|
|
|a xii, 254 pages :
|b illustrations ;
|c 28 cm.
|
| 336 |
|
|
|a text
|b txt
|2 rdacontent
|
| 337 |
|
|
|a unmediated
|b n
|2 rdamedia
|
| 338 |
|
|
|a volume
|b nc
|2 rdacarrier
|
| 490 |
1 |
|
|a FAO forestry paper ;
|v 14
|
| 650 |
|
0 |
|a Forest roads
|x Design and construction.
|
| 650 |
|
0 |
|a Forestry engineering.
|
| 830 |
|
0 |
|a FAO forestry paper ;
|v 14.
|
| 999 |
|
|
|a MARS
|
| 999 |
f |
f |
|s f4ba8294-0516-3956-957f-31c3dd68718a
|i 2b70d79c-a838-31f1-b29c-a9036669db03
|t 0
|
| 952 |
f |
f |
|p ric
|a Texas A&M University
|b Rellis Campus
|c Joint Library Facility
|d Remote Storage
|t 0
|e SD539 .F3 1978
|h Library of Congress classification
|i unmediated -- volume
|m A14806237678
|
| 998 |
f |
f |
|a SD539 .F3 1978
|t 0
|l Remote Storage
|